00459nam a22001577a 450000500170000000800410001702000180005804000210007604100080009708200150010510000260012024500520014626000820019830000100028065000110029020260401122849.0260401b |||||||| |||| 00| 0 eng d a9788199516045 aIN-DiNCcIN-DiNC deng a305.3bNAT aNath, Pranjiteauthor aGender and sexuality (Minor6)/cby Pranjit Nath aJorhat:bNorth East institute of research consultancy and publication,c2025. a216p. aGender